| 000 | 00486nam a22001697a 4500 | ||
|---|---|---|---|
| 003 | AUA.1 | ||
| 005 | 20220921181756.0 | ||
| 008 | 220921b ||||| |||| 00| 0 eng d | ||
| 020 | _a9781461134701 | ||
| 040 | _cJTL | ||
| 050 |
_aBP135 .A1 _bA45 2011 |
||
| 100 | _aAli, Maulana Muhammad | ||
| 245 |
_aA manual of Hadith / _cMaulana Muhammad Ali, M.A., LL.B. |
||
| 260 |
_bZuu books; _c2011 |
||
| 650 |
_aHadith _vManuals |
||
| 942 |
_2lcc _cBOOK _hBP 135 .A1 _iA45 2011 |
||
| 999 |
_c23665 _d23665 |
||